000 00370cam a2200157ua 4500
041 _aeng
_h
082 _a535
_bHEC/OP
100 _aHecht, Eugene .
245 _aOptics /
_cEugene Hecht.
_hTextual Documents
260 _a :
_bPearson Education Asia ,
_c2007.
300 _a704 ;
_eCD.
504 _a
942 _cBK
999 _c13300
_d13300